| 000 | 00859cam a22001937a 4500 | ||
|---|---|---|---|
| 008 | 180718b2011 xxu||||| |||| 00| 0 eng d | ||
| 020 | _a0804772231 | ||
| 082 | _aB122x5441 P134 | ||
| 100 | _aPoros, Maritsa | ||
| 245 |
_aModern migrations : Gujarati Indian networks in New York and London _cby Maritsa V. Poros |
||
| 260 |
_aCalifornia _bStanford Univ. Press _c2011 |
||
| 300 | _a221p. | ||
| 650 | _aLondon (England) -- Emigration and immigration -- Social aspects | ||
| 650 | _aNew York (N.Y.) -- Emigration and immigration -- Social aspects | ||
| 650 | _aImmigrants -- Social networks -- England -- London | ||
| 650 | _aImmigrants -- Social networks -- New York (State) -- New York | ||
| 650 | _aGujaratis (Indic people) -- Social networks -- England -- London | ||
| 650 | _aGujaratis (Indic people) -- Social networks -- New York (State) -- New York | ||
| 999 |
_c444085 _d444085 |
||